[Event "Matinhos Caioba op 9th"]
[Site "Matinhos"]
[Date "2025.07.03"]
[Round "6"]
[White "Mendes Domingues, Ribeiro Matheus"]
[Black "Saiz Rodriguez, Daniel Evelio"]
[Result "1/2-1/2"]
[WhiteElo "2294"]
[BlackElo "2187"]
[PlyCount "124"]
[EventDate "2025.06.29"]
[EventType "swiss"]
[EventRounds "9"]
[EventCountry "BRA"]
[SourceTitle "CB28_2025"]
[SourceDate "2025.07.09"]
[SourceVersion "1"]
[SourceVersionDate "2025.07.09"]
[SourceQuality "1"]

1. c4 c5 2. Nc3 g6 3. Nf3 Bg7 4. g3 Nc6 5. Bg2 d6 6. 0-0 Nh6 7. a3 0-0 8. Rb1 Rb8 9. b4 b6 10. d3 Nf5 11. Bd2 Bb7 12. b5 Ncd4 13. Nxd4 Nxd4 14. Bxb7 Rxb7 15. e3 Ne6 16. Qf3 Rd7 17. Nd5 Nc7 18. Nxc7 Qxc7 19. a4 e6 20. e4 Qb7 21. a5 f5 22. Qe2 fxe4 23. dxe4 Bd4 24. Bh6 Re8 25. a6 Qa8 26. Qg4 Rf7 27. Rbe1 Qd8 28. Kg2 d5 29. exd5 exd5 30. Rxe8+ Qxe8 31. cxd5 Rf5 32. d6 Qe6 33. Bf4 Kf7 34. Qf3 g5 35. Qb7+ Kf6 36. Bd2 Qxd6 37. Qxh7 Qd5+ 38. Kg1 Rxf2 39. Bxg5+ Qxg5 40. Rxf2+ Bxf2+ 41. Kxf2 Qd2+ 42. Kf3 Qd1+ 43. Kf4 Qf1+ 44. Kg4 Qe2+ 45. Kh3 c4 46. Qh8+ Kg6 47. Qg8+ Kf6 48. Qf8+ Kg6 49. g4 Qe3+ 50. Kg2 c3 51. Qf5+ Kg7 52. Qd7+ Kf6 53. Qf5+ Ke7 54. g5 Qd2+ 55. Kf3 c2 56. Qf6+ Kd7 57. Qc6+ Ke7 58. Qf6+ Ke8 59. Qe6+ Kd8 60. Qf6+ Kc7 61. Qc6+ Kb8 62. Qe8+ Kc7 1/2-1/2

[Event "Titled Tuesday intern op 06th May Early"]
[Site "Chess.com INT"]
[Date "2025.05.06"]
[Round "2"]
[White "Saiz Rodriguez, Daniel Evelio"]
[Black "Aarav, A."]
[Result "0-1"]
[WhiteElo "2187"]
[BlackElo "2207"]
[PlyCount "88"]
[EventDate "2025.05.06"]
[EventType "swiss (blitz)"]
[EventRounds "11"]
[EventCountry "USA"]
[SourceTitle "CB20_2025"]
[SourceDate "2025.05.14"]
[SourceVersion "1"]
[SourceVersionDate "2025.05.14"]
[SourceQuality "1"]

1. c4 e5 2. Nc3 Nf6 3. Nf3 Nc6 4. e4 Bb4 5. d3 d6 6. a3 Bxc3+ 7. bxc3 0-0 8. g3 h6 9. Bg2 Be6 10. 0-0 a6 11. a4 Ne7 12. Nh4 Ng6 13. Nf5 c6 14. h3 Bxf5 15. exf5 Ne7 16. g4 d5 17. d4 exd4 18. Qxd4 dxc4 19. Qxc4 Ned5 20. Ba3 Re8 21. Rab1 Rb8 22. Bc5 b5 23. axb5 axb5 24. Qd4 Ra8 25. Ra1 Qc7 26. c4 bxc4 27. Qxc4 Rxa1 28. Rxa1 Qe5 29. Rd1 h5 30. Bd4 Qd6 31. Bxf6 Qxf6 32. Bxd5 cxd5 33. Qxd5 hxg4 34. hxg4 Qg5 35. Qf3 Rc8 36. Kg2 Qf6 37. Rd7 Re8 38. Rd3 Qg5 39. Re3 Rc8 40. Qe2 Kh7 41. Rh3+ Kg8 42. Re3 Qd8 43. Rd3 Qc7 44. Re3 Qc6+ 0-1

[Event "Timbo U2400 op"]
[Site "Timbo"]
[Date "2025.02.14"]
[Round "1"]
[White "Waterkemper, Lucas Bauler"]
[Black "Saiz Rodriguez, Daniel Evelio"]
[Result "0-1"]
[WhiteElo "1576"]
[BlackElo "2177"]
[PlyCount "64"]
[EventDate "2025.02.14"]
[EventType "swiss"]
[EventRounds "6"]
[EventCountry "BRA"]
[SourceTitle "CB10_2025"]
[SourceDate "2025.03.05"]
[SourceVersion "1"]
[SourceVersionDate "2025.03.05"]
[SourceQuality "1"]

1. e4 c5 2. Nf3 g6 3. d4 cxd4 4. Nxd4 Nc6 5. c4 Nf6 6. Nc3 Nxd4 7. Qxd4 d6 8. Be2 Bg7 9. 0-0 0-0 10. Qd1 Be6 11. Bg5 Qa5 12. Bxf6 Bxf6 13. Nd5 Bxd5 14. Qxd5 Qb6 15. Rab1 a5 16. b3 Rfc8 17. Qd3 Qb4 18. a4 Qc5 19. Kh1 Rd8 20. f4 Ra6 21. Rfd1 Rb6 22. Qc2 Qe3 23. Qd2 Qc5 24. Qc2 e6 25. Bf3 Rc8 26. Rd3 Bd4 27. Bg4 Rd8 28. Qe2 Bg7 29. Rbd1 h5 30. Bf3 Kh7 31. h3 d5 32. exd5 exd5 0-1

[Event "Florianopolis op 11th"]
[Site "Florianopolis"]
[Date "2025.01.25"]
[Round "9"]
[White "Rodriguez, Sebastian"]
[Black "Saiz Rodriguez, Daniel Evelio"]
[Result "0-1"]
[WhiteElo "2003"]
[BlackElo "2172"]
[PlyCount "92"]
[EventDate "2025.01.18"]
[EventType "swiss"]
[EventRounds "10"]
[EventCountry "BRA"]
[SourceTitle "CB05_2025"]
[SourceDate "2025.01.29"]
[SourceVersion "1"]
[SourceVersionDate "2025.01.29"]
[SourceQuality "1"]

1. d4 d5 2. c4 e6 3. Nc3 c5 4. e3 Nf6 5. Nf3 Nc6 6. cxd5 exd5 7. Be2 a6 8. 0-0 Bd6 9. b3 cxd4 10. Nxd4 0-0 11. Bb2 Bc7 12. g3 Ne5 13. Rc1 Bh3 14. Re1 Re8 15. Bf1 Qd7 16. Bg2 Ba5 17. Rf1 Bg4 18. f3 Bh3 19. Na4 Bxg2 20. Kxg2 b5 21. Nc5 Qa7 22. Nf5 Ned7 23. Bd4 Nxc5 24. Bxc5 Bb6 25. Qd4 Bxc5 26. Rxc5 Qd7 27. g4 Rac8 28. Rfc1 Rxc5 29. Rxc5 Qe6 30. b4 h6 31. Qc3 d4 32. Qxd4 Qxa2+ 33. Kg3 Qb1 34. e4 Qe1+ 35. Kg2 Qe2+ 36. Qf2 Qd1 37. Qc2 Qe1 38. Qc3 Qe2+ 39. Kg3 Re6 40. e5 Rxe5 41. Nd4 Re4 42. Qc2 Kh7 43. Qc3 Qd1 44. Nf5 Qe2 45. Qc4 Qd2 46. Qc3 Kg8 0-1

[Event "Blumenau U2400 op"]
[Site "Blumenau"]
[Date "2024.08.31"]
[Round "4"]
[White "Saiz Rodriguez, Daniel Evelio"]
[Black "Souza dos Santos, Matheus Garcett"]
[Result "1-0"]
[WhiteElo "2142"]
[BlackElo "1975"]
[PlyCount "101"]
[EventDate "2024.08.30"]
[EventType "swiss"]
[EventRounds "6"]
[EventCountry "BRA"]
[SourceTitle "EXT 2025"]
[Source "ChessBase"]
[SourceDate "2024.10.14"]
[SourceVersion "1"]
[SourceVersionDate "2024.10.14"]
[SourceQuality "1"]

1. d4 Nf6 2. c4 g6 3. g3 Bg7 4. Bg2 d6 5. Nf3 0-0 6. Nc3 Nbd7 7. 0-0 c6 8. e4 e5 9. h3 Qb6 10. Re1 exd4 11. Nxd4 Re8 12. Nc2 Nc5 13. b4 Ne6 14. Be3 Qc7 15. Qd2 a5 16. a3 b6 17. Rad1 Nd7 18. f4 Bb7 19. e5 axb4 20. axb4 Rad8 21. exd6 Qb8 22. Bf2 Bf8 23. f5 gxf5 24. Nd4 Qxd6 25. Rxe6 fxe6 26. Qg5+ Bg7 27. Nxc6 Qf8 28. Nxd8 Bxg2 29. Rxd7 h6 30. Qg6 Rxd8 31. Qxe6+ Kh8 32. Kxg2 Rxd7 33. Qxd7 Bxc3 34. Bd4+ Bxd4 35. Qxd4+ Kg8 36. Qxb6 Qa8+ 37. Kf2 Qa2+ 38. Ke3 Kg7 39. Qd4+ Kg6 40. Qd6+ Kf7 41. Qd7+ Kf6 42. Qd6+ Kf7 43. Qd5+ Kf6 44. b5 Qa3+ 45. Qd3 Qc1+ 46. Kd4 Qg1+ 47. Kd5 Qg2+ 48. Kd6 Qxh3 49. b6 Qg2 50. Kc7 Qg1 51. Qd6+ 1-0

[Event "Blumenau U2400 op"]
[Site "Blumenau"]
[Date "2024.08.31"]
[Round "2"]
[White "Saiz Rodriguez, Daniel Evelio"]
[Black "Vieira, Igor Do Nascimento"]
[Result "1-0"]
[WhiteElo "2142"]
[BlackElo "1656"]
[PlyCount "55"]
[EventDate "2024.08.30"]
[EventType "swiss"]
[EventRounds "6"]
[EventCountry "BRA"]
[SourceTitle "EXT 2025"]
[Source "ChessBase"]
[SourceDate "2024.10.14"]
[SourceVersion "1"]
[SourceVersionDate "2024.10.14"]
[SourceQuality "1"]

1. e4 Nf6 2. e5 Nd5 3. d4 d6 4. Nf3 g6 5. c4 Nb6 6. exd6 cxd6 7. h3 Bg7 8. Be2 0-0 9. 0-0 Nc6 10. Re1 Bf5 11. Nc3 Rc8 12. b3 Nb4 13. Nh4 Nc2 14. Nxf5 Nxe1 15. Nxg7 Nxg2 16. Kxg2 Kxg7 17. Bf3 Qd7 18. Be3 Rcd8 19. Qd2 Rfe8 20. d5 Nc8 21. Bd4+ f6 22. Bg4 Qc7 23. Re1 e5 24. dxe6 h5 25. Nd5 Qc6 26. Bxf6+ Kh7 27. Bxd8 hxg4 28. hxg4 1-0

[Event "Blumenau U2400 op"]
[Site "Blumenau"]
[Date "2024.08.30"]
[Round "1"]
[White "Fischer Sgrott, Pedro Alexandre"]
[Black "Saiz Rodriguez, Daniel Evelio"]
[Result "0-1"]
[WhiteElo "1547"]
[BlackElo "2142"]
[PlyCount "56"]
[EventDate "2024.08.30"]
[EventType "swiss"]
[EventRounds "6"]
[EventCountry "BRA"]
[SourceTitle "EXT 2025"]
[Source "ChessBase"]
[SourceDate "2024.10.14"]
[SourceVersion "1"]
[SourceVersionDate "2024.10.14"]
[SourceQuality "1"]

1. e4 c5 2. Nf3 e6 3. d4 cxd4 4. Nxd4 Nf6 5. Nc3 Nc6 6. Bc4 Bb4 7. Qd3 Ne5 8. Qe2 Qc7 9. Ndb5 Qxc4 10. Qxc4 Nxc4 11. Nc7+ Kd8 12. Nxa8 Nxe4 13. 0-0 Nxc3 14. bxc3 Bxc3 15. Rb1 b6 16. Be3 Ba5 17. Nxb6 Bxb6 18. Bxb6+ axb6 19. Rb4 d5 20. Rd1 Kc7 21. Rd3 Bd7 22. Rg3 g6 23. Rbb3 Ra8 24. a3 e5 25. Rgc3 b5 26. Kf1 d4 27. Rd3 Bf5 28. Rd1 Bxc2 0-1

[Event "Florianopolis Winter op 8th"]
[Site "Florianopolis"]
[Date "2024.07.10"]
[Round "3"]
[White "Kim, Thiago"]
[Black "Saiz Rodriguez, Daniel Evelio"]
[Result "0-1"]
[WhiteElo "1962"]
[BlackElo "2175"]
[PlyCount "26"]
[EventDate "2024.07.09"]
[EventType "swiss"]
[EventRounds "9"]
[EventCountry "BRA"]
[SourceTitle "CBM 221 Extra"]
[Source "ChessBase"]
[SourceDate "2024.09.30"]
[SourceVersion "1"]
[SourceVersionDate "2024.09.30"]
[SourceQuality "1"]

1. e4 c5 2. Nf3 e6 3. d4 cxd4 4. Nxd4 Nf6 5. Nc3 Nc6 6. Nxc6 dxc6 7. e5 Nd5 8. Ne4 Qc7 9. f4 Qb6 10. c4 Bb4+ 11. Ke2 f5 12. exf6 Nxf6 13. Be3 Qd8 0-1

[Event "Titled Tuesday intern op 11th Apr Early"]
[Site "Chess.com INT"]
[Date "2023.04.11"]
[Round "4"]
[White "Saiz Rodriguez, Daniel Evelio"]
[Black "Bezerra, Natacio Goncalves"]
[Result "1-0"]
[WhiteElo "2208"]
[BlackElo "1991"]
[PlyCount "53"]
[EventDate "2023.04.11"]
[EventType "swiss (blitz)"]
[EventRounds "11"]
[EventCountry "USA"]
[SourceTitle "CBM 213 Extra"]
[Source "ChessBase"]
[SourceDate "2023.05.31"]
[SourceVersion "1"]
[SourceVersionDate "2023.05.31"]
[SourceQuality "1"]

1. e4 c5 2. Nf3 e6 3. d4 cxd4 4. Nxd4 Nf6 5. Nc3 Nc6 6. Ndb5 Bb4 7. Nd6+ Ke7 8. Nxc8+ Rxc8 9. Bd3 d5 10. exd5 Nxd5 11. Bd2 Nxc3 12. bxc3 Bd6 13. 0-0 Be5 14. Rb1 Qd7 15. Qf3 Bf6 16. Rfd1 h6 17. Be3 Qc7 18. Bc5+ Ke8 19. Bb5 a6 20. Bd6 Qb6 21. Bxc6+ Qxc6 22. Qxc6+ Rxc6 23. Rxb7 Rxc3 24. Rb8+ Bd8 25. Be5 Rc5 26. Rbxd8+ Ke7 27. R1d7# 1-0

[Event "Guillermo Garcia Memorial op"]
[Site "Santa Clara"]
[Date "2022.05.07"]
[Round "7"]
[White "Saiz Rodriguez, Daniel Evelio"]
[Black "Gallo Garcia, Kemel Antonio"]
[Result "0-1"]
[WhiteElo "2194"]
[BlackElo "2379"]
[PlyCount "42"]
[EventDate "2022.04.30"]
[EventType "swiss"]
[EventRounds "9"]
[EventCountry "CUB"]
[SourceTitle "CBM 208 Extra"]
[Source "ChessBase"]
[SourceDate "2022.07.31"]
[SourceVersion "1"]
[SourceVersionDate "2022.07.31"]
[SourceQuality "1"]

1. e4 e5 2. Nf3 Nc6 3. Bc4 Nf6 4. Ng5 d5 5. exd5 Na5 6. Bb5+ c6 7. dxc6 bxc6 8. Bd3 Nd5 9. Nf3 Bd6 10. 0-0 0-0 11. Re1 f5 12. Nxe5 Qf6 13. Nf3 g5 14. c3 g4 15. Nd4 Qh6 16. g3 Nf4 17. gxf4 Bxf4 18. Re3 Qxh2+ 19. Kf1 Bxe3 20. dxe3 g3 21. fxg3 f4 0-1

[Event "CUB-ch U18"]
[Site "Pinar del Rio"]
[Date "2019.07.02"]
[Round "8"]
[White "Santander Valle, David A"]
[Black "Saiz Rodriguez, Daniel Evelio"]
[Result "0-1"]
[WhiteElo "2092"]
[BlackElo "2212"]
[PlyCount "44"]
[EventDate "2019.06.28"]
[EventType "swiss"]
[EventRounds "9"]
[EventCountry "CUB"]
[SourceTitle "CBM 195 Extra"]
[Source "ChessBase"]
[SourceDate "2020.05.31"]
[SourceVersion "1"]
[SourceVersionDate "2020.05.31"]
[SourceQuality "1"]

1. d4 Nf6 2. Nf3 c5 3. c3 e6 4. Bg5 Nc6 5. e4 h6 6. Bxf6 Qxf6 7. e5 Qd8 8. Nbd2 cxd4 9. cxd4 Qb6 10. Nb3 Bb4+ 11. Ke2 0-0 12. a3 Be7 13. Ke1 d6 14. exd6 Bxd6 15. Bd3 e5 16. Rb1 e4 17. Bxe4 Re8 18. Nfd2 f5 19. Qh5 Bd7 20. f3 fxe4 21. Qd5+ Be6 22. Qxe4 Bxb3 0-1

[Event "CUB-ch U18"]
[Site "Pinar del Rio"]
[Date "2019.06.29"]
[Round "3"]
[White "Ramos Silvera, Roberto Alejandro"]
[Black "Saiz Rodriguez, Daniel Evelio"]
[Result "1-0"]
[WhiteElo "2169"]
[BlackElo "2212"]
[PlyCount "75"]
[EventDate "2019.06.28"]
[EventType "swiss"]
[EventRounds "9"]
[EventCountry "CUB"]
[SourceTitle "CBM 195 Extra"]
[Source "ChessBase"]
[SourceDate "2020.05.31"]
[SourceVersion "1"]
[SourceVersionDate "2020.05.31"]
[SourceQuality "1"]

1. e4 c5 2. Nf3 Nc6 3. d4 cxd4 4. Nxd4 g6 5. c4 Bg7 6. Be3 Nf6 7. Nc3 d6 8. Be2 0-0 9. 0-0 Bd7 10. Re1 Nxd4 11. Bxd4 Bc6 12. Qd3 a5 13. Rad1 Nd7 14. Bxg7 Kxg7 15. Qd4+ Kg8 16. Bg4 Ne5 17. Bh3 g5 18. f3 h5 19. f4 gxf4 20. Qf2 Ng6 21. c5 e6 22. cxd6 Qg5 23. Kh1 b5 24. b3 Kh7 25. Ne2 Bxe4 26. Nxf4 Bb7 27. Nxg6 Qxg6 28. Re5 Rg8 29. Qe2 b4 30. Rxh5+ Kg7 31. Rh4 f5 32. Qb5 Qf7 33. Qe5+ Kf8 34. Rh6 Rg6 35. Rxg6 Qxg6 36. d7 Rd8 37. Qc7 Bxg2+ 38. Bxg2 1-0

[Event "CUB-ch U18"]
[Site "Pinar del Rio"]
[Date "2019.06.28"]
[Round "1"]
[White "Sotolongo Lezcano, Javier"]
[Black "Saiz Rodriguez, Daniel Evelio"]
[Result "1/2-1/2"]
[WhiteElo "2042"]
[BlackElo "2212"]
[PlyCount "42"]
[EventDate "2019.06.28"]
[EventType "swiss"]
[EventRounds "9"]
[EventCountry "CUB"]
[SourceTitle "CBM 195 Extra"]
[Source "ChessBase"]
[SourceDate "2020.05.31"]
[SourceVersion "1"]
[SourceVersionDate "2020.05.31"]
[SourceQuality "1"]

1. e4 c5 2. Nf3 d6 3. d4 cxd4 4. Nxd4 Nf6 5. Nc3 a6 6. Be3 e5 7. Nb3 Be6 8. f3 Nbd7 9. Qd2 b5 10. a4 b4 11. Nd5 Bxd5 12. exd5 Nb6 13. Bxb6 Qxb6 14. a5 Qb7 15. Bc4 g6 16. Ra4 Rb8 17. Qd3 Ra8 18. Qd2 Rb8 19. Qd3 Ra8 20. Qd2 Rb8 21. Qd3 Ra8 1/2-1/2

[Event "Moncada Cup-D"]
[Site "Santiago de Cuba"]
[Date "2019.03.27"]
[Round "8.2"]
[White "Saiz Rodriguez, Daniel Evelio"]
[Black "Duarte Napoles, Fanny"]
[Result "1/2-1/2"]
[WhiteElo "2196"]
[BlackElo "2196"]
[PlyCount "110"]
[EventDate "2019.03.20"]
[EventType "tourn"]
[EventRounds "10"]
[EventCountry "CUB"]
[SourceTitle "EXT 2023"]
[Source "ChessBase"]
[SourceDate "2022.10.05"]
[SourceVersion "1"]
[SourceVersionDate "2022.10.05"]
[SourceQuality "1"]

1. e4 c5 2. Nf3 Nc6 3. Nc3 e5 4. Bc4 d6 5. d3 Be7 6. a3 Nf6 7. Bg5 a6 8. Bxf6 Bxf6 9. Nd5 0-0 10. 0-0 Bg4 11. h3 Bh5 12. g4 Bg6 13. Qd2 h6 14. Kh1 Nd4 15. Nxd4 cxd4 16. Nxf6+ Qxf6 17. f4 Qh4 18. Qh2 Kh8 19. f5 Bh7 20. f6 gxf6 21. Rf3 Rac8 22. Bb3 Kg7 23. Raf1 Rc6 24. Bd5 Rc7 25. R1f2 Bg6 26. Qg2 Rfc8 27. Bb3 Rh8 28. Qf1 h5 29. g5 Qxg5 30. Rxf6 Rg8 31. Bxf7 Rxf7 32. Rxf7+ Bxf7 33. Rg2 Qxg2+ 34. Qxg2+ Kf8 35. Qd2 Ke7 36. Kh2 Be8 37. c3 dxc3 38. bxc3 Rg6 39. d4 exd4 40. cxd4 Bd7 41. Qf4 Be8 42. Qf5 Kd8 43. e5 dxe5 44. dxe5 Ke7 45. Qe4 b5 46. Qb7+ Bd7 47. Qe4 Be8 48. Qf5 a5 49. Qc2 a4 50. Qc5+ Kf7 51. Qc7+ Kg8 52. Qc8 Kf7 53. Qb7+ Kg8 54. e6 Kf8 55. e7+ Kf7 1/2-1/2

[Event "Moncada Cup-D"]
[Site "Santiago de Cuba"]
[Date "2019.03.26"]
[Round "7.3"]
[White "De la Fe Almeida, Enmanuel Jesus"]
[Black "Saiz Rodriguez, Daniel Evelio"]
[Result "1/2-1/2"]
[WhiteElo "2218"]
[BlackElo "2196"]
[PlyCount "45"]
[EventDate "2019.03.20"]
[EventType "tourn"]
[EventRounds "10"]
[EventCountry "CUB"]
[SourceTitle "EXT 2023"]
[Source "ChessBase"]
[SourceDate "2022.10.05"]
[SourceVersion "1"]
[SourceVersionDate "2022.10.05"]
[SourceQuality "1"]

1. d4 e6 2. c4 d5 3. Nf3 Nf6 4. Bg5 Be7 5. Nc3 c6 6. e3 Nbd7 7. Rc1 0-0 8. Bd3 dxc4 9. Bxc4 Nd5 10. Bxe7 Qxe7 11. 0-0 Nxc3 12. Rxc3 e5 13. dxe5 Nxe5 14. Nxe5 Qxe5 15. Qb3 Qc7 16. Rd1 Bg4 17. Rd2 Rfd8 18. Rcd3 Bh5 19. h3 b6 20. Rxd8+ Rxd8 21. Rxd8+ Qxd8 22. Qd3 Qxd3 23. Bxd3 1/2-1/2

[Event "Moncada Cup-D"]
[Site "Santiago de Cuba"]
[Date "2019.03.25"]
[Round "6.1"]
[White "Charon Mustelier, Manuel"]
[Black "Saiz Rodriguez, Daniel Evelio"]
[Result "1/2-1/2"]
[WhiteElo "2213"]
[BlackElo "2196"]
[PlyCount "78"]
[EventDate "2019.03.20"]
[EventType "tourn"]
[EventRounds "10"]
[EventCountry "CUB"]
[SourceTitle "EXT 2023"]
[Source "ChessBase"]
[SourceDate "2022.10.05"]
[SourceVersion "1"]
[SourceVersionDate "2022.10.05"]
[SourceQuality "1"]

1. e4 c5 2. Nf3 g6 3. d4 cxd4 4. Nxd4 Nc6 5. Nc3 Bg7 6. Be3 Nf6 7. Bc4 d6 8. h3 0-0 9. Bb3 Na5 10. 0-0 b6 11. Re1 Bb7 12. Bg5 Nxb3 13. axb3 h6 14. Bh4 Qd7 15. Qd3 Nh5 16. Rad1 g5 17. Bg3 Bxd4 18. Qxd4 Nxg3 19. fxg3 Qc7 20. Nd5 Bxd5 21. exd5 Qxc2 22. Rxe7 Qc5 23. Qxc5 bxc5 24. Ra1 a5 25. Rd7 Ra6 26. Rb7 Rfa8 27. Rf1 Rf8 28. g4 Kg7 29. Rf3 Kg6 30. Kf2 f5 31. g3 Rf6 32. h4 h5 33. gxh5+ Kxh5 34. Rg7 gxh4 35. gxh4 f4 36. Rg5+ Kh6 37. Rg4 a4 38. bxa4 Rxa4 39. Rb3 Kh5 1/2-1/2

[Event "Moncada Cup-D"]
[Site "Santiago de Cuba"]
[Date "2019.03.22"]
[Round "3.2"]
[White "Duarte Napoles, Fanny"]
[Black "Saiz Rodriguez, Daniel Evelio"]
[Result "1-0"]
[WhiteElo "2196"]
[BlackElo "2196"]
[PlyCount "73"]
[EventDate "2019.03.20"]
[EventType "tourn"]
[EventRounds "10"]
[EventCountry "CUB"]
[SourceTitle "EXT 2023"]
[Source "ChessBase"]
[SourceDate "2022.10.05"]
[SourceVersion "1"]
[SourceVersionDate "2022.10.05"]
[SourceQuality "1"]

1. d4 Nf6 2. Bg5 c5 3. Bxf6 gxf6 4. d5 Qb6 5. Qc1 f5 6. g3 Bh6 7. e3 Rg8 8. Na3 Qb4+ 9. c3 Qe4 10. f3 Qxd5 11. Bc4 Qe5 12. Kf2 d5 13. Bb5+ Nd7 14. f4 Qc7 15. Nf3 Bg7 16. Rd1 e6 17. c4 d4 18. exd4 cxd4 19. Nxd4 a6 20. Ba4 Kf8 21. b4 Nf6 22. c5 Ne4+ 23. Kg2 Bd7 24. Bxd7 Qxd7 25. Qe3 Bf6 26. Rac1 Qc7 27. Nc4 Rd8 28. Nf3 h5 29. Nd6 Qc6 30. Nxe4 fxe4 31. Ne5 Qa4 32. Rxd8+ Bxd8 33. Qxe4 Bf6 34. c6 Bxe5 35. Qxe5 Qxa2+ 36. Kh3 bxc6 37. Rxc6 1-0

[Event "Camaguey Province-ch final"]
[Site "Camaguey"]
[Date "2018.10.21"]
[Round "14"]
[White "Rodriguez Turino, Ladislao"]
[Black "Saiz Rodriguez, Daniel Evelio"]
[Result "1/2-1/2"]
[WhiteElo "2301"]
[BlackElo "2214"]
[PlyCount "36"]
[EventDate "2018.10.10"]
[EventType "tourn"]
[EventRounds "14"]
[EventCountry "CUB"]
[SourceTitle "EXT 2021"]
[Source "ChessBase"]
[SourceDate "2020.10.23"]
[SourceVersion "1"]
[SourceVersionDate "2020.10.23"]
[SourceQuality "1"]

1. e4 e5 2. Nf3 Nf6 3. Nxe5 d6 4. Nf3 Nxe4 5. Qe2 Qe7 6. d3 Nf6 7. Bg5 Qxe2+ 8. Bxe2 Be7 9. 0-0 0-0 10. Nbd2 Nc6 11. b3 Bf5 12. Rfe1 Rfe8 13. Bf1 h6 14. Bxf6 Bxf6 15. c3 Rxe1 16. Rxe1 Kf8 17. d4 Re8 18. Rxe8+ Kxe8 1/2-1/2